Statistics for Manchukuo Country Quiz

Click here to take the quiz!

General Stats

  • This quiz has been taken 64 times
  • The average score is 13 of 20

Answer Stats

HintAnswer% Correct
It's a puppet state ofJapan
98%
Flag colour yellow symbolisedManchu
91%
Year dissolved1945
89%
Year founded1932
86%
Flag colour blue symbolisedHan Chinese
79%
When this country invadedSoviet Union
77%
LocationManchuria / northeastern China
75%
Head of stateAisin-Gioro Puyi
73%
Who was the last emperor ofQing dynasty
70%
Organisation not recognising itLeague of Nations
66%
Flag colour white symbolisedMongols
66%
When the above invaded after this incidentMukden incident
63%
Flag colour red symbolisedJapanese
61%
CurrencyManchukuo yuan
61%
Flag colour black symbolisedKoreans
57%
Infamous unit that experimented bacteriological weapons on humansUnit 731
52%
Modern name of the capital cityChangchun
50%
Most popular sportFootball
45%
CapitalHsinking
34%
Literal meaning of the aboveNew Capital
32%

Score Distribution

Percentile by Number Answered

Percent of People with Each Score

Your Score History

You have not taken this quiz